00321nam a2200121Ia 4500008004100000041000800041082001400049100001900063245004500082260002900127300003100156365001200187240624s9999 xx 000 0 und d aeng a659.2 BLA aBLACK CAROLINE aPR PROFESSIONAL S HANDBOOK POWERFUL PRAC c2014aLondonbKogan Page avii, : 366 : p. : cm. ; 23 cGBPb30